LEADER 01538nam--2200385---450- 001 990005873420203316 005 20130718115817.0 010 $a978-88-548-4952-5 035 $a000587342 035 $aUSA01000587342 035 $a(ALEPH)000587342USA01 035 $a000587342 100 $a20130718d2012----km-y0itay50------ba 101 $aita 102 $aIT 105 $a||||||||001yy 200 1 $a<> tutela dei soggetti deboli tra diritto internazionale, dell'Unione europea e diritto interno$eseminari di alta formazione internazionale, Imperia, ottobre-novembre 2011$fa cura di Ilaria Queirolo, Alberto Maria Benedetti, Laura Carpaneto$gcontributi di Francesca Bartolini ... [et al.] 210 $aRoma$cAracne$d2012 215 $a656 p.$d24 cm 225 2 $aScritti di diritto privato europeo ed internazionale$f1 410 0$12001$aScritti di diritto privato europeo ed internazionale$v1 606 0 $aDiritti civili [e] Diritti sociali$xTutela$xDiritto comunitario [e] Diritto interno$2BNCF 676 $a342.24085 702 1$aQUEIROLO,$bIlaria 702 1$aBENEDETTI,$bAlberto Maria 702 1$aBARTOLINI,$bFrancesca$f<1982- > 702 1$aCARPANETO,$bLaura 801 0$aIT$bsalbc$gISBD 912 $a990005873420203316 951 $aXXIII.4.B. 294$b77511 G.$cXXIII.4.B.$d00342321 959 $aBK 969 $aGIU 979 $aIANNONE$b90$c20130718$lUSA01$h1158 996 $aTutela dei "soggetti deboli" tra diritto internazionale, dell'Unione europea e diritto interno$9265655 997 $aUNISA LEADER 01113nam--2200349---450- 001 990003597060203316 005 20111125120152.0 010 $a88-89776-30-7 035 $a000359706 035 $aUSA01000359706 035 $a(ALEPH)000359706USA01 035 $a000359706 100 $a20111125d2006----km-y0itay50------ba 101 0 $aita 102 $aIT 105 $a||||||||001yy 200 1 $a<> fisica unigravitazionale e l'equazione cosmologica$ele leggi del cosmo in una conchiglia$el'universo è luce$fRenato Palmieri 210 $aNapoli$cArte tipografica$d2006 215 $aXVIII, 356 p.$cill.$d21 cm$e1 CD-ROM 225 2 $aUmanesimo e scienza$v5 410 0$12001$aUmanesimo e scienza$v5 606 0 $aGravitazione universale$2BNCF 676 $a531.5 700 1$aPALMIERI,$bRenato$01545 801 0$aIT$bsalbc$gISBD 912 $a990003597060203316 951 $a531.5 PAL 1$b222342 L.M.$c531.5$d00268646 959 $aBK 969 $aTEC 979 $aIANNONE$b90$c20111125$lUSA01$h1201 996 $aFisica unigravitazionale e l'equazione cosmologica$91135382 997 $aUNISA